LEADER 00972nam a22002415i 4500 001 991000160929707536 008 030520s2001 it 000 0 ita d 020 $a8814089868 035 $ab12578344-39ule_inst 040 $aDip.to Studi Giuridici$bita 082 0 $a345.45 100 1 $aVassalli, Giuliano$0183053 245 10$aFormula di Radbruch e diritto penale :$bnote sulla punizione dei delitti di Stato nella Germania postnazista e nella Germania postcomunista /$cGiuliano Vassalli 260 $aMilano :$bGiuffrè,$c2001 300 $axiv, 319 p. ;$c24 cm 500 $aContiene riferimenti bibliografici 650 4$aDiritto penale 907 $a.b12578344$b02-04-14$c04-12-03 912 $a991000160929707536 945 $aLE027 345.45 VAS01.01$g1$i2027000048380$lle027$o-$pE30.99$q-$rl$s- $t0$u6$v0$w6$x0$y.i13039775$z05-12-03 996 $aFormula di Radbruch e diritto penale$966577 997 $aUNISALENTO 998 $ale027$b04-12-03$cm$da $e-$fita$git $h0$i1 LEADER 03548nam 2200793Ia 450 001 9910973321203321 005 20251117083012.0 010 $a0-429-91269-2 010 $a0-429-89846-0 010 $a0-429-47369-9 010 $a1-283-07066-9 010 $a9786613070661 010 $a1-84940-656-1 024 7 $a10.4324/9780429473692 035 $a(CKB)2550000000033508 035 $a(EBL)690057 035 $a(OCoLC)723944373 035 $a(SSID)ssj0000522008 035 $a(PQKBManifestationID)11335869 035 $a(PQKBTitleCode)TC0000522008 035 $a(PQKBWorkID)10524186 035 $a(PQKB)10041967 035 $a(MiAaPQ)EBC690057 035 $a(Au-PeEL)EBL690057 035 $a(CaPaEBR)ebr10464010 035 $a(CaONFJC)MIL307066 035 $a(OCoLC)1052208675 035 $a(OCoLC-P)1052208675 035 $a(FlBoTFG)9780429473692 035 $a(OCoLC)244652427 035 $a(FINmELB)ELB140184 035 $a(iGPub)KARNAB0000235 035 $a(EXLCZ)992550000000033508 100 $a20080808d2008 uy 0 101 0 $aeng 135 $aur||||||||||| 181 $ctxt 182 $cc 183 $acr 200 10$aDialogue and desire $eMikhail Bakhtin and the linguistic turn in psychotherapy /$fRachel Pollard 205 $a1st 210 $aLondon $cKarnac$d2008 215 $a1 online resource (334 p.) 225 1 $aUKCP Karnac series 300 $aDescription based upon print version of record. 311 08$a0-367-32408-3 311 08$a1-85575-449-5 320 $aIncludes bibliographical references and index. 327 $aCover; Copy Right; ACKNOWLEDGEMENTS; ABOUT THE AUTHOR; INTRODUCTION; CHAPTER ONE: Who was Mikhail Bakhtin?; CHAPTER TWO: Bakhtin, Dialogism, and European Philosophy; CHAPTER THREE: Bakhtin, the Dialogical Self and Dialogical Psychotherapy; CHAPTER FOUR: Some Limitations of Dialogism as a Model for Psychotherapy; CHAPTER FIVE: Interdividual Psychology and the Dialogical Self; CHAPTER SIX: Towards a Further Integration of Interdividual Psychology and Dialogical Consciousness via Developmental Psychology, Cognitive Neuroscience, and Linguistics; CHAPTER SEVEN: Bakhtin's Ethics and Psychotherapy 327 $aCHAPTER EIGHT: Towards a Bakhtinian Practice of PsychotherapyBIBLIOGRAPHY 330 $aMikhail Bakhtin, the Russian philosopher and cultural critic, was one of the pioneers of the 'linguistic turn' in philosophy and is now widely associated with the concept of the dialogical self and dialogical psychotherapy. However, whilst dialogism is the concept for which Bakhtin is most well known in psychotherapy, it is, in isolation, open to a wide range of interpretations that can be claimed by diverse and conflicting ideological positions. The radical contribution that a more inclusive reading of Bakhtin could bring to psychotherapy only becomes apparent when dialogism is understood in 410 0$aUKCP Karnac series. 606 $aPsychotherapy and literature 606 $aDialogism (Literary analysis) 606 $aLiterature$xPhilosophy 615 0$aPsychotherapy and literature. 615 0$aDialogism (Literary analysis) 615 0$aLiterature$xPhilosophy. 676 $a616.8914 676 $a616.8914 22 700 $aPollard$b Rachel$01873118 712 02$aUnited Kingdom Council for Psychotherapy. 801 0$bMiAaPQ 801 1$bMiAaPQ 801 2$bMiAaPQ 906 $aBOOK 912 $a9910973321203321 996 $aDialogue and desire$94483071 997 $aUNINA